000 00567nam a2200241 a 4500
001 nice12345678
003 IN_TiNIC
005 20260116011806.0
008 050524s0000 beia grp 000 0 ara
020 _a
_c100
082 0 0 _a220.9505
_bJAD1
100 _aJadeed, Askandar
245 _aUl-Luss Al-Lazi
260 _aBeirut
_bMarkaz Ilshabiyata
_c0000
300 _a57p
500 _aincludes index and biblioraphy
505 2 _aAppendix
650 _aBible Stories
700 1 _aJadeed, Askandar
902 _bSRS
942 _cBK
999 _c4005
_d4005